000 00672nam a2200265Ia 4500
003 OSt
005 20221006144259.0
006 a|||||r|||| 00| 0
007 ta
008 221006b |||||||| |||| 00| 0 eng d
020 _c£11.6
024 _a11,322
037 _cTextual
040 _aEASL
_cEASL
_beng
041 _2eng
_aeng
082 _aU2.41.N5, K8
100 _aYING Liao Hung
_9651381
245 0 _aLet's visit China
260 _aLondon
_bBurke
_c1968
300 _a96p.
_ccm.
490 _v CEL
700 _a BRYAN Derek
_9651382
942 _hU2.41.N5, K8
_cTEXL
_2CC
999 _c1079408
_d1079408